Biblioteca
Vista normal Vista MARC
  • Soledad

Entrada Tema o Materia

Número de registros utilizados en: 2

001 - NUMERO DE CONTROL

  • Campo de control: 7238

003 - IDENTIFICADOR DEL NUMERO DE CONTROL

  • Campo de control: SpMaBN

005 - HORA Y FECHA DE LA ULTIMA TRANSACCIÓN

  • Campo de control: 20220701135225.0

008 - CAMPO DE LONGITUD FIJA

  • Campo fijo de descripción fija: 001009 n anznnbabn a ana

016 ## -

  • : BNE20003866575

024 7# -

  • : http://id.loc.gov/authorities/subjects/sh85124674
  • : lcsh

040 ## -

  • : SpMaBN
  • : spa
  • : SpMaBN
  • : rdc
  • : embne

042 ## -

  • : 200010091036PCMPBC BNEP 00

080 ## -

  • : 2-586.5
  • : 2015

150 ## - ENCABEZAMIENTO DE MATERIA-TEMA

  • Téma o Materia: Soledad
  • Subdivisión General: Aspectos religiosos

360 ## - REFERENCIA COMPLEJA DE "VÉASE ADEMÁS" - MATERIA

  • Texto explicativo: Véase además el encabezamiento
  • Encabezamiento hacia el que refiere el envío: Soledad-Aspectos religiosos
  • Texto explicativo: seguido de subencabezamiento de denominación religiosa
  • Encabezamiento hacia el que refiere el envío: Soledad-Aspectos religiosos-Budismo

450 ## - REFERENCIA DE ENVIO “VEASE” - MATERIA

  • Encabezamiento temático : Fuga saeculi

450 ## - REFERENCIA DE ENVIO “VEASE” - MATERIA

  • Encabezamiento temático : Soledad espiritual

550 ## - REFERENCIA DE ENVIO "VEASE ADEMAS" - MATERIA

  • Subcampo de control: g
  • Encabezamiento temático o nombre geográfico como elemento de entrada: Emociones y sentimientos
  • Subdivisión General: Aspectos religiosos

550 ## - REFERENCIA DE ENVIO "VEASE ADEMAS" - MATERIA

  • Encabezamiento temático o nombre geográfico como elemento de entrada: Retiros espirituales

550 ## - REFERENCIA DE ENVIO "VEASE ADEMAS" - MATERIA

  • Encabezamiento temático o nombre geográfico como elemento de entrada: Vida eremítica

670 ## - FUENTE EN LA QUE SE LOCALIZARON DATOS

  • Cita de la fuente : LCSH
  • Información localizada : (Solitude-Religious aspects)

750 #7 - ASIENTO LIGADO AL ENCABEZAMIENTO - TEMATICO

  • Encabezamiento temático : Solitude-Religious aspects
  • Source of heading or term: lcsh

Biblioteca FUSBC | Teléfono: (57+4) 349 88 10 Ext. 141| WhatsApp (+57) 3005338115 
E-mail: biblioteca@unisbc.edu.co | Calle 76 87-14 Robledo Palenque, Medellín, Colombia

Con tecnología Koha